书目信息 |
| 题名: |
西安
|
|
| 作者: | 陈平原 , 王德威 , 陈学超 编 | |
| 分册: | ||
| 出版信息: | 北京 北京大学出版社 2009.03 |
|
| 页数: | 346页 | |
| 开本: | 23cm | |
| 丛书名: | 都市想象与文化记忆丛书 | |
| 单 册: | ||
| 中图分类: | K294.11 | |
| 科图分类: | ||
| 主题词: | 文化史--西安市 , 文化史 | |
| 电子资源: | ||
| ISBN: | 978-7-301-14955-3 | |
| 000 | 01013oam2 2200301 450 | |
| 001 | 010050004598 | |
| 005 | 20091208152715.93 | |
| 010 | @a978-7-301-14955-3@dCNY38.00 | |
| 100 | @a20090408d2009 em y0chiy0110 ea | |
| 101 | 0 | @achi |
| 102 | @aCN@b110000 | |
| 105 | @aab z 000yy | |
| 106 | @ar | |
| 200 | 1 | @a西安@9xi an@e都市想象与文化记忆@f陈平原,王德威,陈学超编 |
| 210 | @a北京@c北京大学出版社@d2009.03 | |
| 215 | @a346页@c图,地图@d23cm | |
| 225 | 2 | @a都市想象与文化记忆丛书 |
| 330 | @a本书内容包括:城市规划和古代国家的形态;秦始皇的城市建设计划与其理念基础;西汉城市与城郊的结合等。 | |
| 461 | 0 | @12001 @a都市想象与文化记忆丛书@1701 0@a陈平原@4主编 |
| 517 | 1 | @a都市想象与文化记忆@9du shi xiang xiang yu wen hua ji yi |
| 606 | 0 | @a文化史@y西安市 |
| 606 | 0 | @a文化史 |
| 690 | @aK294.11@v4 | |
| 701 | 0 | @a陈平原@9chen ping yuan@4编 |
| 701 | 0 | @a王德威@9wang de wei@4编 |
| 701 | 0 | @a陈学超@9chen xue chao@4编 |
| 801 | 0 | @aCN@bRENTIAN@c20091208 |
| 905 | @b20795901-06@dK294.11@e180@f6 | |
| 西安:都市想象与文化记忆/陈平原,王德威,陈学超编.-北京:北京大学出版社,2009.03 |
| 346页:图,地图;23cm.-(都市想象与文化记忆丛书) |
| ISBN 978-7-301-14955-3:CNY38.00 |
| 本书内容包括:城市规划和古代国家的形态;秦始皇的城市建设计划与其理念基础;西汉城市与城郊的结合等。 |
| ● |
| 相关链接 |
|
|
|
|
正题名:西安
索取号:K294.11/180
 
预约/预借
| 序号 | 登录号 | 条形码 | 馆藏地/架位号 | 状态 | 备注 |
| 1 | 795901 | 207959011 | 第二样本阅览室/ [索取号:K294.11/180] | 在馆 | |
| 2 | 795902 | 207959020 | 第二借阅区/ [索取号:K294.11/180] | 在馆 | |
| 3 | 795903 | 207959039 | 第二借阅区/ [索取号:K294.11/180] | 在馆 | |
| 4 | 795904 | 207959048 | 第二借阅区/ [索取号:K294.11/180] | 在馆 | |
| 5 | 795905 | 207959057 | 第二借阅区/ [索取号:K294.11/180] | 在馆 | |
| 6 | 795906 | 207959066 | 第二借阅区/ [索取号:K294.11/180] | 在馆 |